Physical Education -IX (Record no. 5128)

MARC details
000 -LEADER
fixed length control field 00215nam a22000857a 4500
008 - FIXED-LENGTH DATA ELEMENTS--GENERAL INFORMATION
fixed length control field 161230b xxu||||| |||| 00| 0 eng d
020 ## - INTERNATIONAL STANDARD BOOK NUMBER
International Standard Book Number 9788131808900
100 ## - MAIN ENTRY--PERSONAL NAME
9 (RLIN) 2241
Personal name Mazumdar.I
245 ## - TITLE STATEMENT
Title Physical Education -IX
260 ## - PUBLICATION, DISTRIBUTION, ETC. (IMPRINT)
Place of publication, distribution, etc. New Delhi
Name of publisher, distributor, etc. L.P
Date of publication, distribution, etc. 2011
Holdings
Withdrawn status Lost status Source of classification or shelving scheme Damaged status Koha normalized classification for sorting Not for loan Home library Current library Shelving location Date acquired Total Checkouts Full call number Barcode Date last seen Price effective from Koha item type
    Dewey Decimal Classification   MAZ_796_000000000000000_C9   Good Samaritan School Library Good Samaritan School Library Sports & Games 12/30/2016   MAZ796 C-9 MAZ10435 12/30/2016 12/30/2016 Reference

Powered by Koha